000 00498ntaaa2200193 4500
003 01
005 20251027201815.0
008 0714s1973 ag 01
040 _aAR-BaBN
_bspa
_cAR-BaBN
_eaacr
_dRIC
082 _a242.4000 W52a
100 _aWestberg, Granger
_916508
245 _aAnte la pérdida de un ser querido
250 _a1 ed.
260 _aEl Paso :
_bCasa Bautista de Publicaciones,
_c1978
300 _a33 p
650 _avida cristiana
650 _asufrimiento
_92432
942 _cBK
999 _c12736
_d12736